සමාජ අධ්යයනය පදනම් පාඨමාලාව දෙවන මට්ටම : කළමනාකරණ ක්රියාවලිය,මූලික කළමණාකරණය.
Samaja adyanaya padanam patamalava
Saved in:
| Format: | Book |
|---|---|
| Published: |
නාවල :
ශ්රි ලංකා විවෘත විශ්ව විද්යාලය,
1992.
|
| Tags: |
Add Tag
No Tags, Be the first to tag this record!
|
MARC
| LEADER | 00000nam a22000007a 4500 | ||
|---|---|---|---|
| 003 | LK-CoNLD | ||
| 005 | 20260331100214.0 | ||
| 008 | 260326b |||||||| |||| 00| 0 ||| d | ||
| 015 | |2 slnb | ||
| 017 | |a 244298 |b LK-CoDNA | ||
| 040 | |a LK-CoNLD |b SIN |c LK-CoNLD |d LK-CoNLD | ||
| 082 | |2 23 |q LK-CoNLD | ||
| 245 | |6 880-1 |a සමාජ අධ්යයනය පදනම් පාඨමාලාව දෙවන මට්ටම : |b කළමනාකරණ ක්රියාවලිය,මූලික කළමණාකරණය. | ||
| 260 | |a නාවල : |b ශ්රි ලංකා විවෘත විශ්ව විද්යාලය, |c 1992. | ||
| 300 | |a පි. 55 ; |c සෙමි. 28. |b මැබැ-බෝක : රු.143.00 | ||
| 500 | |a මිල තිරණය කිරීමේ මාර්ගෝපදේශයට අනුව සකසන ලද මිල රු.143.00 වේ. | ||
| 880 | |6 245-1 |a Samaja adyanaya padanam patamalava | ||
| 942 | |c BOOK | ||
| 945 | |a 21990 |b Sachini DHANANJANI |c 18246 |d Chamari MUTHUMALI | ||
| 999 | |c 298536 |d 298536 | ||